000 00201 a2200097 4500
001 8989
100 _aBarry R H
245 _aStrategy of Action
260 _a
_bFaber & Faber
_c
090 _c7176
_d7176
942 _aNUST-CAE
_cM
_c33796
999 _c244062
_d244062